000 00866cab a2200253 4500
001 ABS52337
008 090401t1995 xxu||||| |||| 00| 0 eng d
035 _a(Sirsi) u73704
041 _aeng
100 _aHall, B.
245 _aEurope`s environmental law set to cause bigger headaches
260 _c1995
350 _a0
490 _aProperty Week
_v50(6) 9 February 1995, 27(1)
520 _aExamines the effect the European Directive, Natura 2000, implemented in the UK as the Conservation (Natural Habitats) Regulations 1994, will have on development near protected habitats for flora and fauna.
650 _aEC DIRECTIVES
650 _aNATURAL HABITATS
650 _aNATURE CONSERVATION
650 _aPROTECTED HABITATS
650 _aSPECIAL AREAS OF CONSERVATION
690 _aPLANNING LAW AND PRACTICE
942 _n0
948 _c04/03/1997
999 _c46536
_d46536